To Build the Life You Want, Create the Work You Love : (Record no. 2496)

MARC details
000 -LEADER
fixed length control field 00935nac a22002171u 4500
008 - FIXED-LENGTH DATA ELEMENTS--GENERAL INFORMATION
fixed length control field 100919t xxu||||| |||| 00| 0 eng d
010 ## - LIBRARY OF CONGRESS CONTROL NUMBER
LC control number 94040050
020 ## - INTERNATIONAL STANDARD BOOK NUMBER
International Standard Book Number 0312119054
082 00 - DEWEY DECIMAL CLASSIFICATION NUMBER
Classification number 658.421
Item number Si63
100 ## - MAIN ENTRY--PERSONAL NAME
Personal name Sinetar, Marsha.
9 (RLIN) 19482
245 10 - TITLE STATEMENT
Title To Build the Life You Want, Create the Work You Love :
Remainder of title The Spiritual Dimension of Entrepreneuring /
Statement of responsibility, etc Marsha Sinetar.
260 ## - PUBLICATION, DISTRIBUTION, ETC. (IMPRINT)
Place of publication, distribution, etc New York :
Name of publisher, distributor, etc St. Martin's Press,
Date of publication, distribution, etc 1995.
300 ## - PHYSICAL DESCRIPTION
Extent 209 p. :
Other physical details ill. ;
Dimensions 22 cm.
504 ## - BIBLIOGRAPHY, ETC. NOTE
Bibliography, etc Includes bibliographical references (p. 204-209).
650 #0 - SUBJECT ADDED ENTRY--TOPICAL TERM
Topical term or geographic name as entry element New business enterprises.
9 (RLIN) 19483
650 #0 - SUBJECT ADDED ENTRY--TOPICAL TERM
Topical term or geographic name as entry element Entrepreneurship
General subdivision Psychological aspects.
9 (RLIN) 19484
650 #0 - SUBJECT ADDED ENTRY--TOPICAL TERM
Topical term or geographic name as entry element Vocational interests.
9 (RLIN) 19485
650 #0 - SUBJECT ADDED ENTRY--TOPICAL TERM
Topical term or geographic name as entry element Success in business.
9 (RLIN) 19486
942 ## - ADDED ENTRY ELEMENTS (KOHA)
Item type Book - Borrowing
Call number prefix 658.421 SIN
Source of classification or shelving scheme Dewey Decimal Classification
Holdings
Withdrawn status Item status Source of classification or shelving scheme Damaged status Not for loan Home library Current library Shelving location Date acquired Source of acquisition Total Checkouts Total Renewals Full call number Barcode Date last seen Date last borrowed Koha item type
    Dewey Decimal Classification     Central Library Central Library First floor 21/02/2007 Purchase 2 2 658.4 SIN 000001651 15/07/2025 03/11/2009 Book - Borrowing